Elden Ring by Emojis - Statistics

General Stats
  • This quiz has been taken 12 times
  • The average score is 6 of 6
Answer Stats
Emojis Character % Correct
🦁💪🪓 Godfrey, First Elden Lord
100%
🦾🪷🦋 Malenia, Blade of Miquella
100%
🩸🔱🪽 Mohg, Lord of Blood
92%
🌑💍🐺 Ranni the Witch
92%
🐍🗡️🔥 Rykard, Lord of Blasphemy
92%
🐎☄️⚔️ Starscourge Radahn
75%
No matching quizzes found
Score Distribution
Percent of People with Each Score
Percentile by Number Answered
Your Score History
You have not taken this quiz